Mistrzostwa świata 2026 - baraże - Statystyki

Ogólne statystyki
  • Ten quiz został rozwiązany 54 razy
  • Średni wynik to 17 z 22
Statystyki odpowiedzi
Odpowiedź % Poprawnych
Polska
100%
Szwecja
97%
Albania
95%
Włochy
95%
Ukraina
92%
Dania
89%
Irlandia
87%
Irlandia Północna
82%
Czechy
79%
Turcja
79%
Walia
79%
Słowacja
76%
Kosowo
74%
Rumunia
74%
Bośnia i Hercegowina
71%
Demokratyczna Republika Konga
71%
Macedonia Północna
71%
Jamajka
66%
Irak
61%
Boliwia
53%
Nowa Kaledonia
47%
Surinam
45%
Nie znaleziono quizów pasujących do podanych kryteriów
Rozkład punktacji
Procent ludzi z każdym wynikiem
Percentyl według liczby udzielonych odpowiedzi
Twoja historia wyników
Nie rozwiązałeś tego quizu